000 00402 a2200169 4500
001 191544
020 _a978-85-249-1383-9
040 _cMagnum
100 _aBelinky, Tatiana
240 1 0 _aAbc e numerais pra brincar é bom demais
_lpor
245 1 0 _aAbc e numerais pra brincar é bom demais
300 _a42
362 0 _a2008
440 1 _aCortez
697 _aLITERATURA INFANTO
942 _cBK
999 _c191544
_d191544